000 00356nam a2200157Ia 4500
008 210210b1910 xxu||||| |||| 00| 0 eng d
041 _aeng
082 _a514/116
100 _aSMITH (C)
245 _aSolid geometry
260 _aLondon
_bMacmillan & Co. Ltd.
_c1910
650 _aSolid
650 _ageometry
690 _aGeometry
906 _a007561
999 _c140101
_d140101